Garis panduan bagi melaksanakan anugerah inovasi perkhidmatan awam : pekeliling kemajuan pentadbiran awam bilangan 1 tahun 2006.
| Corporate Author: | |
|---|---|
| Format: | Book |
| Published: |
Putrajaya:
Jabatan Perdana Menteri,
2006.
|
| Subjects: |
| LEADER | 00534cam a2200145 7i4500 | ||
|---|---|---|---|
| 001 | 0000019647 | ||
| 005 | 20070725090000.0 | ||
| 090 | 0 | 0 | |a M 352.63 |b JAB |
| 110 | 2 | 0 | |a Jabatan Perdana Menteri |
| 245 | 2 | 0 | |a Garis panduan bagi melaksanakan anugerah inovasi perkhidmatan awam : |b pekeliling kemajuan pentadbiran awam bilangan 1 tahun 2006. |
| 260 | 0 | 0 | |a Putrajaya: |b Jabatan Perdana Menteri, |c 2006. |
| 300 | # | # | |a 11 p. |
| 650 | 0 | 0 | |a Civil service -- |x Award -- |z Malaysia |
| 651 | 0 | 0 | |a Malaysia |
| 999 | |a 0000019650 |b Book |c Malaysia |e Business Information Centre | ||